Statistiken für Österreichische Bundesländer - Karte

Klicken Sie hier um das Quiz zu spielen!

Allgemein

  • Dieses Quiz wurde 16.267 mal gespielt
  • Das Durchschnittsergebnis liegt bei 7 aus 9

Antworten auf der Karte

Die Antworten werden auf der Karte rot bzw. grün angezeigt, abhängig davon wie oft sie richtig erraten wurden.
 

Antwortstatistiken

Country% Korrekt
Wien
98%
Tirol
92%
Salzburg
86%
Oberösterreich
80%
Niederösterreich
79%
Kärnten
74%
Steiermark
74%
Burgenland
70%
Vorarlberg
68%

Verteilung der Resultate

Perzentil nach korrekt beantworteten Fragen

Anzahl Personen mit jedem Resultat

Ihre Resultats-Entwicklung

Sie haben dieses Quiz noch nicht gespielt